| 000 | 00632nam a22002177a 4500 | ||
|---|---|---|---|
| 999 |
_c3831 _d3831 |
||
| 003 | AR-CdUCM | ||
| 008 | 190307b ||||| |||| 00| 0 spa d | ||
| 040 |
_aMUNICIPALIDAD PROVINCIAL DEL CUSCO _cBIBLIOTECA MUNICIPAL DEL CUSCO |
||
| 041 | _heng | ||
| 082 |
_a828.9 / _bG81 |
||
| 100 |
_aGreene, Graham _91162 |
||
| 245 | _aEl americano impasible / | ||
| 260 |
_aBarcelona : _bAlianza Editorial Emecé, _c1970. |
||
| 300 |
_a220 páginas ; _c18 cm. |
||
| 650 |
_aNovela _95 |
||
| 650 |
_aSiglo XX _98 |
||
| 650 |
_agenero detectivesco _912332 |
||
| 700 |
_aTraductor J. R. Wilcock _912333 |
||
| 942 |
_2ddc _cLIBROS |
||
| 945 | _admma | ||